000 00228nam a2200109Ia 4500
999 _c6472
_d6472
020 _a 978-0321181053
100 _aConnolly, Begg
245 0 _aDatabase Systems
260 _aUSA
_bMcGraw-Hill
_c1996
300 _a839
942 _cBK